You and your teen-ager: (Record no. 14770)

000 -LEADER
fixed length control field 00632nam a2200193 a 4500
001 - CONTROL NUMBER
control field :::00012604$&:&@@
003 - CONTROL NUMBER IDENTIFIER
control field OkBaRHE
005 - DATE AND TIME OF LATEST TRANSACTION
control field 20000607103420.0
008 - FIXED-LENGTH DATA ELEMENTS--GENERAL INFORMATION
fixed length control field s1966 j 000 0 eng u
040 ## - CATALOGING SOURCE
Transcribing agency
100 1# - MAIN ENTRY--PERSONAL NAME
Personal name Moser, Ruth Small.
245 10 - TITLE STATEMENT
Title You and your teen-ager:
Remainder of title a partnership with God.
Statement of responsibility, etc By Ruth Small Moser and Leslie E. Moser.
260 ## - PUBLICATION, DISTRIBUTION, ETC. (IMPRINT)
Place of publication, distribution, etc Grand Rapids, MI., :
Name of publisher, distributor, etc Baker Book House
Date of publication, distribution, etc c1966
300 ## - PHYSICAL DESCRIPTION
Extent 168 p. ;
Dimensions 20 cm.
650 ## - SUBJECT ADDED ENTRY--TOPICAL TERM
Topical term or geographic name as entry element Adolescence
700 ## - ADDED ENTRY--PERSONAL NAME
Personal name Moser, Leslie E.
942 ## - ADDED ENTRY ELEMENTS (KOHA)
Source of classification or shelving scheme
Koha item type Books
Copies
Shelving location Koha item type Damaged status Source of classification or shelving scheme Price effective from Date acquired Full call number Copy number Barcode Lost status Withdrawn status Not for loan Permanent Location Date last seen
General StacksBooks  2010-04-142010-04-14HQ 796 .M63112604   RHEMA Bible Training College2010-04-14